00961nam a22003017a 450000500170000001000240001702000260004102000230006702000310009003500130012103500170013403500130015103700310016403700150019508200110021010000200022124501060024125000110034726000390035827000500039730000330044750000200048050000450050065000210054565000390056665000370060570000170064220170605165500.0 aBAC-EN21/ENG-107746 a9781259062681c485.00 a1259062686c485.00 a9781259062681c599.00 (AV) aEN-91279 aB-585693-718 aB-669727 bAsian Book Centre/Venadpl bDBAD / PUB a006.76 aGodbole, Achyut aWeb technologies :cby Achyut Godbole [and] Atul KahatebTCP/IP, architecture, and Java programming / a3rd ed aNew DelhibTata McGraw-Hill c2013 aP-24, Green Park ExtensionbNew Delhie110016 axvi,593p. :c24cm(pbk)bill. aIncludes index aSupply received revised price Rs. 550.00 aWeb technologies aTCP/IP (Computer network protocol) aJava (Computer Program language) aKahate, Atul